[Event "Xativa Murta op 1st"]
[Site "Xativa"]
[Date "2015.08.28"]
[Round "7"]
[White "Llerena Achutegui, Mariano"]
[Black "Gonzalvez Tamarit, Ruben"]
[Result "0-1"]
[WhiteElo "1616"]
[BlackElo "1929"]
[PlyCount "34"]
[EventDate "2015.08.25"]
[EventType "swiss"]
[EventRounds "9"]
[EventCountry "ESP"]
[SourceTitle "EXT 2016"]
[Source "ChessBase"]
[SourceDate "2015.10.08"]
[SourceVersion "1"]
[SourceVersionDate "2015.10.08"]
[SourceQuality "1"]

1. e4 e5 2. Bc4 Bc5 3. Nf3 Nc6 4. c3 Nf6 5. d4 exd4 6. cxd4 Bb4+ 7. Bd2 Bxd2+ 8. Nbxd2 d5 9. exd5 Nxd5 10. 0-0 0-0 11. Rc1 Bg4 12. h3 Bh5 13. Be2 Nf4 14. Re1 Re8 15. Nb3 Rxe2 16. Rxe2 Bxf3 17. Re8+ Qxe8 0-1